03099cam a22003134a 45000010009000000050017000090080041000260100017000670200018000840400018001020500022001200820017001422450131001592500012002902600054003023000052003565040066004085051756004746500047022306500045022777000032023227000032023547000035023868560082024219420012025039990017025159520121025329520132026531503340820090828064521.0071004s2008 nyuab |rb 001 0 eng  a 2007040813 a9780199297771 aDLCcDLCdDLC00aJZ1242b.G58 200800a327222bGLO04aThe Globalization of World Politics :bAn introduction to international relations /cJohn Baylis, Steve Smith, Patricia Owens. a4th ed. aNew York, :bOxford University Press, 2008c2008. axxxix, 622 p. :bcol. ill., col. maps ;c27 cm. aIncludes bibliographical references (p. [591]-605) and index.0 aGlobalization and global politics / Anthony McGrew -- The evolution of international society / David Armstrong -- International history, 1900-90 / Len Scott -- From the cold war to the war on terror / Michael Cox -- Realism / Tim Dunne and Brian C. Schmidt -- Liberalism / Tim Dunne -- Contemporary mainstream approaches : neo-realism and neo-liberalism / Steven L. Lamy -- Marxist theories of international relations / Stephen Hobden and Richard Wyn Jones -- Social constructivism / Michael Barnett -- Alternative approaches to international theory / Steve Smith and Patricia Owens -- International ethics / Richard Shapcott -- The changing character of war / Mike Sheehan -- International and global security / John Baylis -- International political economy in an age of globalization / Ngaire Woods -- Gender in world politics / J. Ann Tickner -- International law / Christian Reus-Smit -- International regimes / Richard Little -- The United Nations / Paul Taylor and Devon Curtis -- Transnational actors and international organizations in global politics / Peter Willetts -- Environmental issues / John Vogle -- Terrorism and globalization / James D. Kiras -- Nuclear proliferation / Darryl Howlett -- Nationalism / John Breuilly -- Culture in world affairs / Simon Murden -- Regionalism in international affairs / Edward Best and Thomas Christiansen -- Global trade and finance / Jan Aart Scholte -- Poverty, development, and hunger / Caroline Thomas -- Human security / Amitav Acharya -- Human rights / Chris Brown -- Humanitarian intervention in world politics / Alex J. Bellamy and Nicholas J. Wheeler -- Globalization and the transformation of political community / Andrew Linklater -- Globalization and the post-cold war order / Ian Clark. 0aInternational relationsvTextbooks.912037 0aWorld politicsy1989-vTextbooks.9120381 aBaylis, John,d1946-9120391 aSmith, Steve,d1952-9120401 aOwens, Patricia,d1975-912041413Table of contents onlyuhttp://www.loc.gov/catdir/toc/ecip082/2007040813.html 2ddccNB c13542d13542 00102ddc40708BaccahaMAINbMAINc1STd2010-03-01l1m11o327 GLOp000020027r2025-07-15 00:00:00s2018-03-12yBB 00102ddc40708BaccahaMAINbMAINc1STd2010-03-01epurchasel10m41o327 GLOp000020024r2025-07-15 00:00:00s2019-03-06yBB